Sports Quiz

Random Sports or NBA Quiz

NBA Top 25 Players With Assists Quiz Stats

 Plays Quiz not verified by Sporcle

Support Sporcle.
Go Orange.
Score 0/25 Timer 05:00
0 Plays Today
Rank Name % Correct
#1John Stockton
92.6%
#8Lebron James
92.6%
#2Jason Kidd
88.2%
#3Steve Nash
86.8%
#5Magic Johnson
86.8%
#7Chris Paul
86.8%
#24Kevin Johnson
86.8%
#14Russel Westbrook
76.5%
#16Rajon Rondo
72.1%
#4Mark Jackson
69.1%
#9Isiah Thomas
67.6%
#6Oscar Robertson
64.7%
#20Bub Cousy
63.2%
Rank Name % Correct
#22Deron Williams
63.2%
#10Gary Payton
60.3%
#19Tony Parker
57.4%
#11Andre Miller
54.4%
#18Tim Hardaway
47.1%
#17Terry Porter
38.2%
#13Maurice Cheeks
36.8%
#25Derek Harper
26.5%
#23Muggsy Bogues
25%
#12Rod Strickland
23.5%
#15Lenny Wilkens
23.5%
#21Guy Rodgers
16.2%

You're not logged in!

Compare scores with friends on all Sporcle quizzes.
OR
Log In

From the Vault

Animated Movies (A-Z)

by eyes355

What's better than an animated movie to teach you the alphabet?
Remove Ads.
Support Sporcle.
Get the best of Sporcle when you Go Orange. This ad-free experience offers more features, more stats, and more fun while also helping to support Sporcle. Thank you for becoming a member.

Show Comments

Extras

Top Quizzes Today


Score Distribution

Your Account Isn't Verified!

In order to create a playlist on Sporcle, you need to verify the email address you used during registration. Go to your Sporcle Settings to finish the process.

Report this User

Report this user for behavior that violates our Community Guidelines.

Details: